| 000 | 00389nam a2200169Ia 4500 | ||
|---|---|---|---|
| 100 | _aBommel/Patrick Van | ||
| 650 | _amodeling | ||
| 942 | _cRB | ||
| 366 | _f20 | ||
| 654 | _ainformation retrieval | ||
| 245 | _aInformation modeling for internet application | ||
| 260 |
_bIdea Group _c2003 |
||
| 082 |
_a4.678 _bBOM |
||
| 300 | _a331 | ||
| 546 |
_aENGLISH _celectronics |
||
| 999 |
_c32847 _d32847 |
||